• 首页
  • 本馆介绍
  • 公告通知
  • 最新文献
  • 馆藏检索
  • 电子资源
  • 读者导购
  • 参考咨询
  • 我的图书馆
  • 登录
  • 详细信息显示
  • 放入我的书架
  • 预约/预借图书
  • 作者相关作品
  • 分类相关作品
  • 丛书相关作品
  • 出版社相关作品

书目信息

  • 表格格式
  • 工作单格式
  • 卡片格式
题名:
果蔬及其制品包装技术
    
 
作者: 卢立新 编著
分册:  
出版信息: 北京   化学工业出版社  2005
页数: 303页
开本: 21cm
丛书名: 现代食品包装技术丛书
单 册:
中图分类: TS255.3
科图分类:
主题词: 水果--食品包装 , 蔬菜--食品包装 , 水果 , 食品包装 , 蔬菜
电子资源:
ISBN: 7-5025-7001-2
000 01022oam2 2200301 450
001 012007558751
005 20070522170955.39
010    @a7-5025-7001-2@dCNY23.00
100    @a20070514d2005 km y0chiy0120 ea
101 0  @achi
102    @aCN@b110000
105    @ay z 000yy
106    @ar
200 1  @a果蔬及其制品包装技术@Aguo shu ji qi zhi pin bao zhuang ji shu@f卢立新编著@Flu li xin bian zhu
210    @a北京@c化学工业出版社@d2005
215    @a303页@d21cm
225 2  @a现代食品包装技术丛书
330    @a本书介绍了果蔬及其相关制品的包装贮运技术,内容包括果蔬品质特性与采后生理,新鲜果蔬的保鲜包装与贮运技术,鲜切果蔬、速冻果蔬、果蔬汁、脱水果蔬、果酱、罐藏果蔬等的包装要求、包装材料与容器的选择以及常用的包装方法。
461  0 @12001 @a现代食品包装技术丛书
606 0  @a水果@x食品包装
606 0  @a蔬菜@x食品包装
606 0  @a水果
606 0  @a食品包装
606 0  @a蔬菜
690    @aTS255.3@v4
701  0 @a卢立新@Alu li xin@4编著
801  0 @aCN@bRULIN@c20070522
905    @dTS255.3@e83@s10
    
    果蔬及其制品包装技术/卢立新编著.-北京:化学工业出版社,2005
    303页;21cm.-(现代食品包装技术丛书)
    
    
    ISBN 7-5025-7001-2:CNY23.00
    本书介绍了果蔬及其相关制品的包装贮运技术,内容包括果蔬品质特性与采后生理,新鲜果蔬的保鲜包装与贮运技术,鲜切果蔬、速冻果蔬、果蔬汁、脱水果蔬、果酱、罐藏果蔬等的包装要求、包装材料与容器的选择以及常用的包装方法。
●
相关链接 在E读中查询图书 在五车中查询图书 在当当中查询图书 在豆瓣中查询图书


正题名:果蔬及其制品包装技术     索取号:TS255.3/83         预约/预借

序号 登录号 条形码 馆藏地/架位号 状态 备注
1 0573941   205739414   第二样本阅览室/ [索取号:TS255.3/83] 在馆    
2 0573942   205739423   第三借阅区/ [索取号:TS255.3/83] 在馆    
3 0573943   205739432   第三借阅区/ [索取号:TS255.3/83] 在馆    
4 0573944   205739441   第三借阅区/ [索取号:TS255.3/83] 在馆    
5 0573945   205739450   第三借阅区/ [索取号:TS255.3/83] 在馆    
6 0573946   205739469   第三借阅区/ [索取号:TS255.3/83] 在馆    
7 0573947   205739478   第三借阅区/ [索取号:TS255.3/83] 在馆    
8 0573948   205739487   第三借阅区/ [索取号:TS255.3/83] 在馆    
9 0573949   205739496   第三借阅区/ [索取号:TS255.3/83] 在馆    
10 0573950   205739502   第三借阅区/ [索取号:TS255.3/83] 在馆    
唐山师范学院图书馆 欢迎您!
大连网信软件有限公司© 版权所有